Organ works

Bibliographic Details
Main Author: Albrechtsberger, Johann Georg, 1736-1809 (skl)
Other Authors: Szabó, Imrich, 1956- (uci), Javorský, Igor, 1960- (anr)
Format: Book
Language:Slovak
PhysicalDescription:1 kompaktná platňa (55 min. 21 sek.) stereo
Published: Bratislava Opus 1998
Subjects:

MARC

LEADER 00000nam a2200000 a 4500
001 vtls001348187
003 SK-MaSNL
005 20260331203510.0
008 160628s1998 xo 0 slo
015 |a SNBJ1998/04-02666 
035 |a SNK000301464 
040 |a SNK  |b slo  |c SNK  |e AACR2 
044 |a xo  |c SK 
080 |a 786.6(086.7)  |2 1981 
100 1 |a Albrechtsberger, Johann Georg,  |d 1736-1809  |4 skl  |9 580411 
245 1 |a Organ works  |h zvukový dokument  |c Johann Georg Albrechtsberger 
260 |a Bratislava  |b Opus  |c 1998 
300 |a 1 kompaktná platňa (55 min. 21 sek.)  |b stereo 
505 0 |a Obsahuje 8 diel 
508 |a Notes Igor Javorský 
511 0 |a Imrich Szabó, organ 
650 0 7 |a inštrumentálna hudba  |2 SNKPH  |9 3421 
650 0 7 |a hudba pre organ  |2 SNKPH  |9 3374 
655 7 |a kompaktné platne  |2 SNKPH  |9 70690 
700 1 |a Szabó, Imrich,  |d 1956-  |4 uci  |9 114314 
700 1 |a Javorský, Igor,  |d 1960-  |4 anr  |9 191950 
999 |c 892008  |d 893938 
952 |t P60, <03>, [BOOK], {603}  |a SNK  |b SNK  |y PREZ  |7 0  |p 17A0168253  |o snkSCD 791  |i snkJK 455/98  |0 0  |1 0  |4 0  |d 1998-11-13  |l 0  |r 2005-01-02 00:00:00  |w 2026-02-24